000 00644nam a22001937a 4500
005 20130827112928.0
010 _aENG-108059
020 _c3200.00
_a8187661739
035 _aEN-91592
037 _bDBAD/PUB
082 _a954.02
245 0 0 _aRe-visiting early India :
_cedited by Suchandra Ghosh... [et al]
_bessays in honour of D.C. Sircar /
260 _aKolkata
_bR.N. Bhattacharya
_c2013
270 _aA/ 217, H.B. Town, Road No - 4 Sodepur
_bKolkata
_e700110
300 _axi,266p. :
_c25cm(Hb)
_bill.
500 _aIncludes bibliographical references
700 _aGhosh, Suchandra
942 _2ddc
_cEN
_mREV
_h954.02
999 _c78006
_d78006